[Event "World Open"]
[Site "Arlington, VA"]
[Date "2013.07.03"]
[Round "1.22"]
[White "Panchanathan, Magesh"]
[Black "Wang, Kevin"]
[Result "0-1"]
[WhiteElo "2583"]
[BlackElo "2297"]
[PlyCount "106"]
[EventDate "2013.07.??"]
[EventType "swiss"]
[EventRounds "9"]
[EventCountry "USA"]

1. e4 c5 2. Nf3 d6 3. d4 cxd4 4. Nxd4 Nf6 5. Nc3 a6 6. Be2 e6 7. a4 Nc6 8. O-O
Be7 9. Be3 O-O 10. f4 Qc7 11. Kh1 Re8 12. Qe1 Nxd4 13. Bxd4 e5 14. Be3 exf4 15.
Bxf4 Be6 16. Qd2 Nd7 17. a5 Ne5 18. h3 Rac8 19. Rfd1 Bf8 20. Be3 g6 21. Ra4 Qb8
22. Qe1 Bg7 23. Qf2 Rc6 24. Bf1 Qc8 25. Rb4 Nd7 26. Bd4 Qc7 27. Bxg7 Kxg7 28.
Bd3 Rc5 29. Qd4+ Ne5 30. Rb6 Rd8 31. Bf1 Kg8 32. Rxd6 Rxd6 33. Qxd6 Qxd6 34.
Rxd6 Rxa5 35. Bd3 Ra1+ 36. Kh2 b5 37. Ne2 Ra2 38. Nd4 Rxb2 39. Rxa6 Nxd3 40.
cxd3 Rd2 41. Ra8+ Kg7 42. Ra7 Kg8 43. Nxe6 fxe6 44. Kg3 e5 45. Re7 Rxd3+ 46.
Kg4 Rd2 47. g3 b4 48. Rxe5 b3 49. Rb5 Rd3 50. h4 Kf7 51. Rb7+ Ke6 52. Rxh7 Rd7
53. Rh6 Rg7 0-1

[Event "World Open"]
[Site "Arlington, VA"]
[Date "2013.07.03"]
[Round "1.25"]
[White "Adamson, Robby"]
[Black "Shabalov, Alex"]
[Result "1/2-1/2"]
[WhiteElo "2271"]
[BlackElo "2553"]
[PlyCount "87"]
[EventDate "2013.07.??"]
[EventType "swiss"]
[EventRounds "9"]
[EventCountry "USA"]

1. e4 e5 2. Nf3 d6 3. d4 exd4 4. Nxd4 Nf6 5. Nc3 Be7 6. Be2 O-O 7. O-O Re8 8.
Re1 Bf8 9. Bf1 Nbd7 10. Bg5 h6 11. Bh4 c6 12. Qd2 Ne5 13. f3 Ng6 14. Bf2 Bd7
15. Rad1 Qc7 16. Nde2 Rad8 17. Bd4 Nh7 18. Ng3 b5 19. Nh5 Qb7 20. Qf2 Be6 21.
Ne2 Bc8 22. Neg3 Ne7 23. c4 bxc4 24. Bxc4 Be6 25. Bf1 f6 26. a3 Bb3 27. Rd2 a5
28. Kh1 a4 29. Bd3 c5 30. Be3 c4 31. Bb1 d5 32. Bc5 Qc8 33. exd5 Rxd5 34. Rxd5
Nxd5 35. Bxf8 Nxf8 36. Be4 c3 37. Bxd5+ Bxd5 38. Rxe8 Qxe8 39. bxc3 Qe5 40. Qd2
Bf7 41. Nf4 Qb5 42. h3 Nd7 43. Kh2 Ne5 44. Ne4 1/2-1/2

[Event "World Open"]
[Site "Arlington, VA"]
[Date "2013.07.03"]
[Round "1.28"]
[White "Shulman, Yury"]
[Black "Ulrich, Thomas"]
[Result "1/2-1/2"]
[WhiteElo "2542"]
[BlackElo "2259"]
[PlyCount "131"]
[EventDate "2013.07.??"]
[EventType "swiss"]
[EventRounds "9"]
[EventCountry "USA"]

1. g3 c5 2. Bg2 Nc6 3. c4 g6 4. Nf3 Bg7 5. O-O e6 6. Nc3 Nge7 7. d3 O-O 8. Bg5
b6 9. Qc1 Bb7 10. Rd1 d5 11. cxd5 exd5 12. e4 Qd7 13. Bh6 Rfd8 14. Qf4 Qd6 15.
Qh4 Bxh6 16. Qxh6 Qf6 17. exd5 Nb4 18. Ng5 Qg7 19. Qxg7+ Kxg7 20. d6 Nec6 21.
Nb5 Rab8 22. Ne4 Nc2 23. Rab1 N2d4 24. Nxd4 Nxd4 25. Re1 Rd7 26. Rbc1 a5 27. f4
Nb5 28. Bh3 f5 29. a4 Nd4 30. Nd2 Rxd6 31. Bg2 Bxg2 32. Kxg2 Nc6 33. Nc4 Rxd3
34. Re6 Nd4 35. Re7+ Kg8 36. Rce1 Nf3 37. R1e6 Rbd8 38. Rxb6 Nd2 39. Ne5 Rb3
40. Rxb3 Nxb3 41. Nd7 h6 42. Kh3 Nc1 43. Nf6+ Kf8 44. Rd7 Rc8 45. Nh7+ Kg8 46.
Nf6+ Kf8 47. Rd1 Nb3 48. Nd7+ Ke7 49. Ne5 g5 50. Rd7+ Ke6 51. Kg2 gxf4 52. gxf4
Nd4 53. Rb7 Kd5 54. Kf2 Ke4 55. Ng6 Rc6 56. Ne5 Re6 57. h3 Kxf4 58. Nd3+ Kg5
59. Rg7+ Kf6 60. Rh7 Re2+ 61. Kf1 c4 62. Rxh6+ Kg5 63. Rg6+ Kh4 64. Rd6 cxd3
65. Rxd4+ Re4 66. Rxd3 1/2-1/2

[Event "World Open"]
[Site "Arlington, VA"]
[Date "2013.07.03"]
[Round "1.30"]
[White "Mitkov, Nikola"]
[Black "Vibbert, Sean"]
[Result "0-1"]
[WhiteElo "2508"]
[BlackElo "2256"]
[PlyCount "94"]
[EventDate "2013.07.??"]
[EventType "swiss"]
[EventRounds "9"]
[EventCountry "USA"]

1. e4 c5 2. Nc3 Nc6 3. Nf3 d6 4. d4 cxd4 5. Nxd4 Nf6 6. Bc4 Qb6 7. Nxc6 bxc6 8.
O-O g6 9. Qe1 Qc5 10. b3 Bg7 11. Bb2 O-O 12. Rd1 Nh5 13. Qd2 a5 14. Na4 Qa7 15.
Bxg7 Kxg7 16. Rfe1 Bg4 17. Qc3+ f6 18. Rc1 e5 19. Qe3 Qe7 20. g3 Rad8 21. Bf1
f5 22. exf5 Rxf5 23. Bg2 Rdf8 24. c4 Qf6 25. Rc2 Bf3 26. Nc3 Bxg2 27. Kxg2 Rf3
28. Qd2 Qf5 29. Ne4 Qg4 30. Kh1 Nf6 31. Ng5 e4 32. Nxf3 exf3 33. Qd3 Re8 34.
Rcc1 Ne4 35. Qf1 Nd2 36. Qg1 Re2 37. Rcd1 Qe4 38. h3 h5 39. h4 d5 40. cxd5 cxd5
41. Rc1 d4 42. Red1 Qf5 43. g4 Qxg4 44. Rc7+ Kh6 45. Qxg4 hxg4 46. Kg1 g3 47.
Rxd2 Re1# 0-1

[Event "World Open"]
[Site "Arlington, VA"]
[Date "2013.07.03"]
[Round "1.50"]
[White "Harmon Vellotti, Luke"]
[Black "Karell, Leif"]
[Result "1-0"]
[WhiteElo "2469"]
[BlackElo "2086"]
[PlyCount "75"]
[EventDate "2013.07.??"]
[EventType "swiss"]
[EventRounds "9"]
[EventCountry "USA"]

1. d4 d5 2. c4 e6 3. Nc3 c6 4. e4 Bb4 5. cxd5 cxd5 6. e5 Nc6 7. a3 Bxc3+ 8.
bxc3 f6 9. exf6 Nxf6 10. Nf3 O-O 11. Bd3 Qc7 12. O-O e5 13. dxe5 Nxe5 14. Nxe5
Qxe5 15. Qc2 Ng4 16. f4 Qh5 17. h3 Nf6 18. Re1 Bd7 19. Be3 Bc6 20. Bd4 Ne4 21.
c4 Nf6 22. Re7 dxc4 23. Bxc4+ Kh8 24. Rae1 Rae8 25. Qc3 Rxe7 26. Rxe7 Re8 27.
Rxe8+ Nxe8 28. Qe3 Qg6 29. g4 b5 30. Qe7 Qb1+ 31. Bf1 h5 32. Bxa7 Qb3 33. Qe3
Qd5 34. Bd4 hxg4 35. hxg4 Qd7 36. f5 Qd5 37. Kf2 Nd6 38. Qh6+ 1-0

[Event "World Open"]
[Site "Arlington, VA"]
[Date "2013.07.03"]
[Round "3.1"]
[White "Hossain, Enamul"]
[Black "Rahman, Md Taibur"]
[Result "1/2-1/2"]
[WhiteElo "2487"]
[BlackElo "2301"]
[PlyCount "30"]
[EventDate "2013.07.??"]
[EventType "swiss"]
[EventRounds "9"]
[EventCountry "USA"]

1. e4 c5 2. Nf3 Nc6 3. d4 cxd4 4. Nxd4 Nf6 5. Nc3 e6 6. Ndb5 Bb4 7. a3 Bxc3+ 8.
Nxc3 d5 9. exd5 exd5 10. Bd3 d4 11. Ne4 Nxe4 12. Bxe4 Bf5 13. Bxf5 Qa5+ 14. Bd2
Qxf5 15. Qe2+ Qe6 1/2-1/2

[Event "World Open"]
[Site "Arlington, VA"]
[Date "2013.07.03"]
[Round "3.2"]
[White "Gerzhoy, Leonid"]
[Black "Yang, Darwin"]
[Result "1-0"]
[WhiteElo "2469"]
[BlackElo "2485"]
[PlyCount "103"]
[EventDate "2013.07.??"]
[EventType "swiss"]
[EventRounds "9"]
[EventCountry "USA"]

1. c4 Nf6 2. Nf3 e6 3. g3 d5 4. Bg2 Be7 5. O-O O-O 6. d4 c6 7. Qc2 Nbd7 8. b3
b6 9. Rd1 Bb7 10. Nc3 Ba6 11. Nd2 b5 12. e4 dxc4 13. bxc4 bxc4 14. Bf1 Nb6 15.
a4 c5 16. d5 exd5 17. e5 Ng4 18. a5 Nd7 19. Nxd5 Ndxe5 20. Bg2 Rb8 21. h3 Nxf2
22. Kxf2 Nd3+ 23. Kg1 Bf6 24. Nxc4 Bxa1 25. Rxd3 Bd4+ 26. Be3 Bxc4 27. Qxc4
Qxa5 28. Bxd4 cxd4 29. Qxd4 Rfe8 30. Kh2 a6 31. Rd2 Qd8 32. Rf2 Qg5 33. Qa7 Rf8
34. Rxf7 Rxf7 35. Qxb8+ Rf8 36. Qd6 g6 37. Qxa6 Qe5 38. Nf4 Kh8 39. Qc4 Qf6 40.
Qc5 Re8 41. h4 Kg7 42. Qc7+ Re7 43. Qc4 Qe5 44. Bd5 Qe3 45. Qc8 Qf2+ 46. Bg2
Qe1 47. Qd8 Qe5 48. Bd5 Re8 49. Qd7+ Re7 50. Qc8 Qf6 51. Ne6+ Kf7 52. Qf8# 1-0

[Event "World Open"]
[Site "Arlington, VA"]
[Date "2013.07.03"]
[Round "3.3"]
[White "Ramirez, Alejandro"]
[Black "Shetty, Atulya"]
[Result "1-0"]
[WhiteElo "2583"]
[BlackElo "2320"]
[PlyCount "73"]
[EventDate "2013.07.??"]
[EventType "swiss"]
[EventRounds "9"]
[EventCountry "USA"]

1. d4 d5 2. c4 c6 3. Nf3 Nf6 4. Nc3 a6 5. h3 dxc4 6. a4 e6 7. e3 c5 8. Bxc4 Nc6
9. O-O cxd4 10. exd4 Be7 11. Bg5 O-O 12. Re1 Nd5 13. Bxd5 exd5 14. Bxe7 Nxe7
15. Qb3 Rb8 16. a5 Be6 17. Na4 Qxa5 18. Nc5 Qd8 19. Nxe6 fxe6 20. Ng5 Rf6 21.
Nxe6 Qd6 22. Nxg7 Kxg7 23. Rxe7+ Qxe7 24. Qg3+ Kh6 25. Qxb8 Qe2 26. Qg3 Qxb2
27. Qe3+ Kg6 28. Rc1 Rc6 29. Re1 Rf6 30. h4 Qb5 31. Qg5+ Kf7 32. Qh5+ Kf8 33.
Qxh7 Qc6 34. Qe7+ Kg8 35. h5 b5 36. h6 Rf7 37. h7+ 1-0

[Event "World Open"]
[Site "Arlington, VA"]
[Date "2013.07.03"]
[Round "3.4"]
[White "Cornejo, Max"]
[Black "Leon Hoyos, Manuel"]
[Result "1-0"]
[WhiteElo "2395"]
[BlackElo "2568"]
[PlyCount "81"]
[EventDate "2013.07.??"]
[EventType "swiss"]
[EventRounds "9"]
[EventCountry "USA"]

1. e4 c5 2. Nf3 d6 3. d4 cxd4 4. Qxd4 Bg4 5. Bb5+ Nc6 6. Qd3 Nf6 7. O-O Nd7 8.
h3 Bxf3 9. Qxf3 Nd4 10. Bxd7+ Qxd7 11. Qd3 Ne6 12. f4 Nc5 13. Qd4 Qa4 14. c4
Rc8 15. b3 Qa6 16. Bb2 Nd7 17. Nc3 Qb6 18. Qxb6 Nxb6 19. Rad1 Nd7 20. Rfe1 a6
21. Re2 Rg8 22. e5 dxe5 23. fxe5 e6 24. Ne4 Nc5 25. Nd6+ Bxd6 26. Rxd6 Rd8 27.
Rb6 Rd7 28. Ba3 Nd3 29. g3 g5 30. c5 Rc7 31. c6 Rxc6 32. Rxb7 Kd8 33. Rb8+ Rc8
34. Rxc8+ Kxc8 35. Re3 Rd8 36. Bd6 Nb2 37. Re2 Nd1 38. Re1 Nb2 39. Kf1 Kb7 40.
Ke2 f6 41. Be7 1-0

[Event "World Open"]
[Site "Arlington, VA"]
[Date "2013.07.03"]
[Round "3.6"]
[White "Holt, Conrad"]
[Black "Maldonado, Oscar"]
[Result "1-0"]
[WhiteElo "2531"]
[BlackElo "2194"]
[PlyCount "55"]
[EventDate "2013.07.??"]
[EventType "swiss"]
[EventRounds "9"]
[EventCountry "USA"]

1. d4 Nf6 2. c4 g6 3. Nc3 Bg7 4. e4 d6 5. Nf3 O-O 6. h3 e5 7. dxe5 dxe5 8. Qxd8
Rxd8 9. Bg5 c6 10. Nxe5 Re8 11. O-O-O h6 12. Bf4 Na6 13. g4 g5 14. Bh2 Nc5 15.
Bg2 Nfxe4 16. Nxe4 Nxe4 17. Bxe4 Bxe5 18. Bxe5 Rxe5 19. Rd8+ Kg7 20. f3 Rc5 21.
b3 b5 22. Rhd1 a5 23. R1d6 Bb7 24. R8d7 Rb8 25. Rg6+ Kf8 26. Rf6 Bc8 27. Rdxf7+
Ke8 28. Bg6 1-0

[Event "World Open"]
[Site "Arlington, VA"]
[Date "2013.07.04"]
[Round "2.1"]
[White "Bruzon Batista, Lazaro"]
[Black "Bryant, John"]
[Result "1-0"]
[WhiteElo "2689"]
[BlackElo "2415"]
[PlyCount "133"]
[EventDate "2013.07.??"]
[EventType "swiss"]
[EventRounds "9"]
[EventCountry "USA"]
[WhiteClock "0:02:40"]
[BlackClock "0:15:21"]

1. c4 e5 2. Nc3 Nf6 3. Nf3 Nc6 4. g3 d5 5. cxd5 Nxd5 6. Bg2 Nb6 7. O-O Be7 8.
d3 O-O 9. Be3 Re8 10. Rc1 Bf8 11. Ne4 Nd4 12. Bxd4 exd4 13. Qd2 c6 14. a3 g6
15. Nc5 Bg7 16. Rfe1 Nd5 17. Nb3 Nc7 18. Rc2 Ne6 19. Na5 Rb8 20. b4 Nc7 21. Qc1
Nb5 22. Nd2 Nc3 23. Ne4 Bf5 24. Nxc3 dxc3 25. Nb3 Be6 26. Nc5 b6 27. Ne4 Qd4
28. Qb1 a5 29. Nxc3 axb4 30. Qxb4 Qd7 31. Rb1 c5 32. Qf4 Rec8 33. Nb5 Bf8 34.
a4 Bd5 35. Bxd5 Qxd5 36. Nc3 Qd8 37. Ne4 Rc6 38. Rc4 Ra8 39. Qf3 Ra6 40. d4 Rc7
41. dxc5 bxc5 42. Qb3 Rca7 43. Qc2 Ra5 44. Rd1 Qa8 45. Nf6+ Kg7 46. Nd7 Kg8 47.
Nf6+ Kg7 48. Nd5 Kg8 49. Nc3 Qe8 50. Re4 Qc6 51. Rd8 Ra8 52. Qd3 c4 53. Rxc4
Rxd8 54. Qxd8 Qxc4 55. Qxa5 Bb4 56. Qd8+ Kg7 57. Nb5 Qb3 58. Qd4+ Kg8 59. Nc7
Bc3 60. Qd8+ Kg7 61. Qd3 Qa3 62. Kg2 Qa1 63. Nd5 Be5 64. Qc4 h5 65. h4 Qe1 66.
Ne7 Qd2 67. Nc6 1-0

[Event "World Open"]
[Site "Arlington, VA"]
[Date "2013.07.04"]
[Round "2.2"]
[White "Cheng, Bindi"]
[Black "Laznicka, Viktor"]
[Result "1/2-1/2"]
[WhiteElo "2406"]
[BlackElo "2684"]
[PlyCount "50"]
[EventDate "2013.07.??"]
[EventType "swiss"]
[EventRounds "9"]
[EventCountry "USA"]
[WhiteClock "0:37:40"]
[BlackClock "0:26:21"]

1. d4 Nf6 2. Nf3 e6 3. c4 d5 4. g3 Bb4+ 5. Bd2 Be7 6. Bg2 c6 7. Qc2 b6 8. O-O
Nbd7 9. Rd1 Ba6 10. b3 Rc8 11. Bf4 O-O 12. Nc3 Re8 13. e4 dxc4 14. Nd2 b5 15.
bxc4 bxc4 16. Bf1 Nb6 17. a4 c5 18. d5 exd5 19. a5 Nbd7 20. exd5 Nh5 21. d6 Bf6
22. Be3 Bxc3 23. Qxc3 Qf6 24. Qxf6 Nhxf6 25. Nxc4 Rb8 1/2-1/2

[Event "World Open"]
[Site "Arlington, VA"]
[Date "2013.07.04"]
[Round "2.3"]
[White "Milov, Vadim"]
[Black "Ostrovskiy, Aleksandr"]
[Result "0-1"]
[WhiteElo "2643"]
[BlackElo "2403"]
[PlyCount "100"]
[EventDate "2013.07.??"]
[EventType "swiss"]
[EventRounds "9"]
[EventCountry "USA"]
[WhiteClock "0:25:51"]
[BlackClock "0:24:27"]

1. d4 d5 2. c4 c6 3. Nf3 Nf6 4. e3 Bf5 5. Nc3 e6 6. Nh4 Be4 7. f3 Bg6 8. Qb3
Qc7 9. g3 Be7 10. Bd2 Nbd7 11. Rc1 Nb6 12. c5 Nbd7 13. Qa4 e5 14. b4 O-O 15.
Nxg6 hxg6 16. Bh3 Rfe8 17. O-O Nf8 18. Qc2 N6d7 19. Nd1 Bf6 20. Bc3 Ne6 21. Qd2
g5 22. Nf2 g6 23. Kh1 Bg7 24. Bxe6 Rxe6 25. Nh3 Qd8 26. dxe5 Bxe5 27. e4 Bxc3
28. Rxc3 Re5 29. Rd3 Nf6 30. Nxg5 Qe7 31. exd5 Re2 32. Qd1 Nxd5 33. Ne4 Rxa2
34. Re1 Re8 35. Qb3 Ra6 36. Qb2 Qf8 37. b5 Ra4 38. Qc2 Raxe4 39. Rxe4 Rxe4 40.
fxe4 Nb4 41. bxc6 bxc6 42. Qc4 Nxd3 43. Qxd3 Qxc5 44. Kg2 a5 45. Qa6 Qc2+ 46.
Kf3 a4 47. Qa5 Qd3+ 48. Kf4 a3 49. h4 Qf1+ 50. Kg5 Qb5+ 0-1

[Event "World Open"]
[Site "Arlington, VA"]
[Date "2013.07.04"]
[Round "2.4"]
[White "Vioreanu, Bogdan"]
[Black "Yuniesky, Quesada"]
[Result "0-1"]
[WhiteElo "2404"]
[BlackElo "2639"]
[PlyCount "56"]
[EventDate "2013.07.??"]
[EventType "swiss"]
[EventRounds "9"]
[EventCountry "USA"]
[WhiteClock "0:12:56"]
[BlackClock "0:25:57"]

1. d4 Nf6 2. c4 e6 3. Nc3 Bb4 4. Qc2 O-O 5. Bg5 c5 6. e3 h6 7. Bh4 Nc6 8. Nf3
cxd4 9. Nxd4 Nxd4 10. exd4 b6 11. O-O-O d5 12. cxd5 exd5 13. Bxf6 Qxf6 14. a3
Bxc3 15. bxc3 Bf5 16. Qb3 Rac8 17. Kb2 Bg6 18. f3 Qg5 19. Rg1 Rfe8 20. Ba6 Rc7
21. a4 Re3 22. Rc1 Rexc3 23. Qxc3 Rxc3 24. Kxc3 Qe3+ 25. Kb2 Qxd4+ 26. Kb3 Qe3+
27. Kb2 Qd2+ 28. Ka3 Bc2 0-1

[Event "World Open"]
[Site "Arlington, VA"]
[Date "2013.07.04"]
[Round "2.6"]
[White "Bodek, Michael"]
[Black "Robson, Ray"]
[Result "0-1"]
[WhiteElo "2386"]
[BlackElo "2628"]
[PlyCount "60"]
[EventDate "2013.07.??"]
[EventType "swiss"]
[EventRounds "9"]
[EventCountry "USA"]

1. e4 c5 2. Nf3 e6 3. d4 cxd4 4. Nxd4 Nc6 5. Nc3 Qc7 6. g3 a6 7. Bg2 d6 8. O-O
Bd7 9. Re1 Be7 10. g4 b5 11. Nf5 b4 12. Nd5 exd5 13. exd5 Bxf5 14. dxc6 Be6 15.
Bf4 h6 16. a3 bxa3 17. Rxa3 Nf6 18. c4 O-O 19. c5 Rfd8 20. Rd3 Ne8 21. Re4 Rab8
22. Red4 Rxb2 23. cxd6 Qb6 24. Qe1 Rb1 25. Rd1 Qxd4 26. Rxb1 Bxd6 27. Bxd6 Qxd6
28. Bf3 Qf4 29. Qa5 Qxf3 30. Qxd8 Qxg4+ 0-1

[Event "World Open"]
[Site "Arlington, VA"]
[Date "2013.07.04"]
[Round "2.8"]
[White "Kacheishvili, Giorgi"]
[Black "Harmon Vellotti, Luke"]
[Result "1-0"]
[WhiteElo "2588"]
[BlackElo "2469"]
[PlyCount "69"]
[EventDate "2013.07.??"]
[EventType "swiss"]
[EventRounds "9"]
[EventCountry "USA"]

1. c4 e5 2. g3 Nc6 3. Bg2 g6 4. Nc3 Bg7 5. Rb1 d6 6. b4 f5 7. b5 Nce7 8. e3 Nf6
9. Nge2 O-O 10. d3 c6 11. bxc6 bxc6 12. O-O Be6 13. Rb7 Bc8 14. Rb4 a5 15. Rb1
Be6 16. Ba3 Qc7 17. Qd2 Rfb8 18. h3 g5 19. Rxb8+ Rxb8 20. Rb1 Rxb1+ 21. Nxb1
Nc8 22. Qc2 Qb7 23. Nd2 d5 24. Nf3 dxc4 25. Nxe5 cxd3 26. Qxd3 Qc7 27. Nxc6 Ne4
28. Ned4 Bd5 29. Qb5 Bxc6 30. Nxc6 Ncd6 31. Qd5+ Kh8 32. f3 Qb6 33. Bxd6 Nc3
34. Qxf5 Qxc6 35. Be5 1-0

[Event "World Open"]
[Site "Arlington, VA"]
[Date "2013.07.04"]
[Round "2.9"]
[White "Perez, Robert"]
[Black "Gelashvili, Tamaz"]
[Result "0-1"]
[WhiteElo "2379"]
[BlackElo "2572"]
[PlyCount "114"]
[EventDate "2013.07.??"]
[EventType "swiss"]
[EventRounds "9"]
[EventCountry "USA"]

1. d4 Nf6 2. c4 e6 3. Nc3 Bb4 4. Qc2 O-O 5. Nf3 c5 6. dxc5 Na6 7. g3 Nxc5 8.
Bg2 Nce4 9. O-O Nxc3 10. bxc3 Be7 11. e4 d6 12. e5 dxe5 13. Nxe5 Qc7 14. Qe2
Bd6 15. Bf4 Ne8 16. c5 Qxc5 17. c4 f6 18. Nd3 Qc7 19. c5 Bxf4 20. Nxf4 e5 21.
Nd5 Qf7 22. Rab1 Nc7 23. Nxc7 Qxc7 24. Rb5 Rb8 25. Rfb1 Rd8 26. Qc2 Kh8 27. a4
g6 28. a5 Bf5 29. Be4 Bh3 30. Bxb7 Rd4 31. Bf3 Rbd8 32. Re1 Bf5 33. Qc1 e4 34.
Bg2 Bd7 35. Rb1 Bc6 36. Qc3 Kg7 37. a6 h5 38. Bf1 Qe5 39. Re3 h4 40. f4 Qd5 41.
gxh4 Qf5 42. Qe1 Qxf4 43. Qg3 Qf5 44. Qc7+ Qd7 45. Qf4 Qe7 46. Rc1 R8d5 47. Rc2
Rf5 48. Qg4 Rxc5 49. Rg3 Be8 50. Rb2 Rd7 51. h5 g5 52. h4 Kh6 53. Bg2 Bxh5 54.
hxg5+ Rxg5 55. Qh3 Rd1+ 56. Bf1 Qc5+ 57. Rf2 Rd2 0-1

[Event "World Open"]
[Site "Arlington, VA"]
[Date "2013.07.04"]
[Round "2.10"]
[White "Balasubramanian, Adithya"]
[Black "Fishbein, Alexander"]
[Result "0-1"]
[WhiteElo "2298"]
[BlackElo "2504"]
[PlyCount "50"]
[EventDate "2013.07.??"]
[EventType "swiss"]
[EventRounds "9"]
[EventCountry "USA"]

1. g3 g6 2. Bg2 Bg7 3. Nf3 Nf6 4. c4 O-O 5. Nc3 d6 6. O-O c6 7. d3 a6 8. a3 b5
9. Bd2 Bb7 10. b4 Nbd7 11. Qb3 e5 12. Rac1 Qe7 13. a4 bxc4 14. Qxc4 h6 15. Bh3
Rfe8 16. Qh4 g5 17. Nxg5 hxg5 18. Bxg5 Nf8 19. Ne4 N8h7 20. f4 exf4 21. Nxf6+
Bxf6 22. Bxf6 Qxf6 23. Qg4+ Qg7 24. Qd7 Ng5 25. Rxf4 Rad8 0-1

[Event "World Open"]
[Site "Arlington, VA"]
[Date "2013.07.04"]
[Round "2.11"]
[White "Molner, Mackenzie"]
[Black "Wang, Kevin"]
[Result "1-0"]
[WhiteElo "2501"]
[BlackElo "2297"]
[PlyCount "93"]
[EventDate "2013.07.??"]
[EventType "swiss"]
[EventRounds "9"]
[EventCountry "USA"]

1. c4 e6 2. Nf3 Nf6 3. g3 d5 4. Bg2 dxc4 5. Na3 Bxa3 6. bxa3 b5 7. a4 a6 8. O-O
Bb7 9. d3 cxd3 10. Ba3 Nbd7 11. Qxd3 c5 12. Bb2 O-O 13. axb5 axb5 14. Bxf6 Nxf6
15. Qxb5 Bd5 16. Qxc5 Rxa2 17. Rxa2 Bxa2 18. Ne5 Bd5 19. Rd1 Qc8 20. Qd4 Bxg2
21. Kxg2 Qb7+ 22. f3 Qd5 23. e4 Qxd4 24. Rxd4 Rc8 25. h4 Ne8 26. g4 f6 27. Nd3
Kf8 28. Kg3 Ke7 29. Ra4 Rc7 30. Ra6 Rc3 31. Nf4 Kd7 32. Nxe6 Nc7 33. Nxc7 Rxc7
34. g5 Ke7 35. Kg4 Kf7 36. f4 Rc5 37. Ra7+ Kg8 38. Ra8+ Kf7 39. Ra7+ Kg8 40. h5
fxg5 41. fxg5 g6 42. h6 Re5 43. Kf4 Re8 44. e5 Rf8+ 45. Ke4 Rd8 46. e6 Rb8 47.
Ke5 1-0

[Event "World Open"]
[Site "Arlington, VA"]
[Date "2013.07.04"]
[Round "2.13"]
[White "Vibbert, Sean"]
[Black "Sarkar, Justin"]
[Result "1/2-1/2"]
[WhiteElo "2256"]
[BlackElo "2451"]
[PlyCount "73"]
[EventDate "2013.07.??"]
[EventType "swiss"]
[EventRounds "9"]
[EventCountry "USA"]

1. e4 c5 2. Nf3 d6 3. d4 cxd4 4. Nxd4 Nf6 5. Nc3 a6 6. h3 e6 7. g4 Be7 8. Bg2
Nfd7 9. Nde2 Qc7 10. Be3 b5 11. Ng3 Bb7 12. Nce2 O-O 13. O-O Nb6 14. b3 N8d7
15. f4 Rac8 16. c3 Rfd8 17. Rc1 e5 18. Nf5 Bf8 19. Qe1 d5 20. Qf2 g6 21. fxe5
gxf5 22. gxf5 Qxe5 23. Bd4 Bc5 24. b4 Bxd4 25. cxd4 Qg7 26. e5 Rxc1 27. Rxc1
Rc8 28. Rd1 Kh8 29. Rd3 Rg8 30. Rg3 Qf8 31. Rxg8+ Kxg8 32. Qh4 Nc8 33. Nf4 Ne7
34. Nh5 Kh8 35. Nf6 Nxf6 36. Qxf6+ Kg8 37. Qg5+ 1/2-1/2

[Event "World Open"]
[Site "Arlington, VA"]
[Date "2013.07.04"]
[Round "2.15"]
[White "Troff, Kayden"]
[Black "Morshedi, Ali"]
[Result "1-0"]
[WhiteElo "2427"]
[BlackElo "2223"]
[PlyCount "73"]
[EventDate "2013.07.??"]
[EventType "swiss"]
[EventRounds "9"]
[EventCountry "USA"]

1. d4 Nf6 2. c4 e6 3. g3 d5 4. Nf3 Be7 5. Bg2 O-O 6. O-O dxc4 7. Ne5 Nc6 8.
Bxc6 bxc6 9. Nxc6 Qe8 10. Nxe7+ Qxe7 11. Qc2 e5 12. Rd1 exd4 13. Rxd4 Qe5 14.
Rxc4 Ba6 15. Bf4 Qh5 16. Rc5 Qh3 17. f3 Rfe8 18. Nc3 c6 19. Rxc6 Nd5 20. Rxa6
Nb4 21. Qa4 Nxa6 22. Qxa6 h6 23. Rd1 Qf5 24. Ne4 Re6 25. Qb7 Rae8 26. Qd5 Qg6
27. Kf1 Kh8 28. Nd6 R8e7 29. Qf5 Rxe2 30. Nxf7+ Kh7 31. Qxg6+ Kxg6 32. Ne5+
R2xe5 33. Bxe5 Rxe5 34. Rd6+ Kf5 35. Rd7 Rc5 36. Rxg7 Rc1+ 37. Kg2 1-0

[Event "World Open"]
[Site "Arlington, VA"]
[Date "2013.07.04"]
[Round "2.17"]
[White "Shabalov, Alex"]
[Black "Korley, Kassa"]
[Result "0-1"]
[WhiteElo "2553"]
[BlackElo "2258"]
[PlyCount "102"]
[EventDate "2013.07.??"]
[EventType "swiss"]
[EventRounds "9"]
[EventCountry "USA"]

1. c4 e6 2. Nf3 Nf6 3. Nc3 d5 4. d4 Bb4 5. e3 O-O 6. Bd3 Nc6 7. O-O h6 8. h3 a6
9. a3 dxc4 10. Bxc4 Bd6 11. e4 e5 12. Be3 b5 13. Ba2 Bb7 14. dxe5 Nxe5 15. Nd2
Nd3 16. f4 Bc5 17. Bxc5 Nxc5 18. e5 Nd5 19. Nde4 Nxe4 20. Nxd5 c6 21. Ne3 Qb6
22. Qe1 Rad8 23. Kh2 c5 24. Rd1 Rxd1 25. Qxd1 c4 26. Nf5 Qe6 27. Qg4 g6 28. Ne3
Qxg4 29. hxg4 Rd8 30. Rd1 Rxd1 31. Nxd1 g5 32. f5 Nc5 33. Kg3 Nd3 34. e6 fxe6
35. fxe6 Kf8 36. Bb1 Nf4 37. Ne3 Ke7 38. Kf2 Kxe6 39. g3 Nd3+ 40. Bxd3 cxd3 41.
Nf1 Ke5 42. Ke3 Bc8 43. Nh2 d2 44. Nf3+ Kd5 45. Nxd2 Bxg4 46. Kd3 h5 47. Ke3 h4
48. Ne4 Ke5 49. Nc5 Bc8 50. a4 Kd5 51. Ne4 h3 0-1

[Event "World Open"]
[Site "Arlington, VA"]
[Date "2013.07.04"]
[Round "2.19"]
[White "Jayakumar, Adarsh"]
[Black "Shulman, Yury"]
[Result "1/2-1/2"]
[WhiteElo "2269"]
[BlackElo "2542"]
[PlyCount "85"]
[EventDate "2013.07.??"]
[EventType "swiss"]
[EventRounds "9"]
[EventCountry "USA"]

1. d4 Nf6 2. c4 e6 3. g3 Bb4+ 4. Bd2 c5 5. Bxb4 cxb4 6. Bg2 O-O 7. Nf3 d6 8.
O-O Nc6 9. Qc2 e5 10. e3 Bg4 11. Nbd2 Re8 12. dxe5 dxe5 13. Ne4 Nxe4 14. Qxe4
Qc8 15. Ng5 Bf5 16. Qd5 Re7 17. Rfd1 h6 18. Ne4 Qc7 19. Qc5 Bg4 20. Rd2 Rd8 21.
Rxd8+ Qxd8 22. h3 Be6 23. Nd6 Rc7 24. Nxb7 Qd7 25. Nd6 Bxh3 26. Nb5 Bxg2 27.
Kxg2 Rc8 28. Nd6 Rc7 29. Rd1 Qe7 30. Rd5 g6 31. b3 Kf8 32. Nb5 Qxc5 33. Rxc5
Rc8 34. Nd6 Rc7 35. f4 exf4 36. exf4 Ke7 37. Nb5 Rc8 38. Nd4 Kd6 39. Rxc6+ Rxc6
40. Nxc6 Kxc6 41. g4 Kc5 42. Kf3 Kd4 43. f5 1/2-1/2

[Event "World Open"]
[Site "Arlington, VA"]
[Date "2013.07.04"]
[Round "2.20"]
[White "Arnold, Marc"]
[Black "Adamson, Robby"]
[Result "1/2-1/2"]
[WhiteElo "2525"]
[BlackElo "2271"]
[PlyCount "63"]
[EventDate "2013.07.??"]
[EventType "swiss"]
[EventRounds "9"]
[EventCountry "USA"]

1. Nf3 c5 2. e4 d6 3. c3 Nf6 4. Bd3 Bg4 5. h3 Bxf3 6. Qxf3 Nc6 7. O-O g6 8. Rd1
Bg7 9. Bf1 Nd7 10. Na3 O-O 11. Nc2 Rc8 12. d3 Qa5 13. Be3 b5 14. a3 Qa4 15. Qe2
Na5 16. Rab1 Nb6 17. d4 a6 18. Ne1 Nb3 19. Nf3 Nc4 20. Bg5 Rfe8 21. d5 e6 22.
Qc2 h6 23. Bf4 e5 24. Bg3 Nb6 25. Re1 Bf8 26. Qd1 c4 27. Qe2 Nc5 28. Qd2 Bg7
29. Nh4 Nbd7 30. Bh2 Qa5 31. g4 Qd8 32. Ng2 1/2-1/2

[Event "World Open"]
[Site "Arlington, VA"]
[Date "2013.07.04"]
[Round "2.21"]
[White "Friedel, Joshua"]
[Black "Cao, Kevin"]
[Result "1-0"]
[WhiteElo "2506"]
[BlackElo "2223"]
[PlyCount "61"]
[EventDate "2013.07.??"]
[EventType "swiss"]
[EventRounds "9"]
[EventCountry "USA"]

1. d4 d5 2. c4 e6 3. Nf3 Be7 4. g3 Nf6 5. Bg2 O-O 6. Qc2 dxc4 7. Qxc4 a6 8. Qc2
b5 9. Ne5 Ra7 10. O-O Bb7 11. e4 c5 12. dxc5 Qd4 13. c6 Qxe5 14. cxb7 Rxb7 15.
Bf4 Qc5 16. Qxc5 Bxc5 17. e5 Nd5 18. Nc3 Rd7 19. Nxd5 exd5 20. Rac1 Bd4 21. Rc2
Re7 22. Bxd5 Rfe8 23. Re1 Nd7 24. e6 fxe6 25. Bd6 exd5 26. Rxe7 Rxe7 27. Bxe7
Kf7 28. Bb4 Bb6 29. Rc6 a5 30. Rd6 Ke8 31. Bc3 1-0